Campo de la didáctica de la lengua y la literatura : reprensetaciones y prácticas /
Guardado en:
| Autor Principal: | |
|---|---|
| Formato: | Libro |
| Publicado: |
Buenos Aires :
Uba, Facultad de Filosofía y Letras,
2000
|
| Series: | Letras
|
| Materias: | |
| Etiquetas: |
Agregar Etiqueta
Sin Etiquetas, Sea el primero en etiquetar este registro!
|
| LEADER | 00943nam a22002055a 4500 | ||
|---|---|---|---|
| 001 | CEM.cems010775 | ||
| 005 | 20080331115753.0 | ||
| 008 | 130507s2000##################000#0#####d | ||
| 003 | CEMS | ||
| 082 | 0 | 4 | |a 372.6 |
| 100 | 1 | |a Bombini, Gustavo | |
| 245 | 1 | 0 | |a Campo de la didáctica de la lengua y la literatura : |b reprensetaciones y prácticas / |c Gustavo Bombini |
| 260 | |a Buenos Aires : |b Uba, Facultad de Filosofía y Letras, |c 2000 | ||
| 300 | |a 39 p. | ||
| 490 | 0 | |a Letras | |
| 505 | 0 | |a Problemas actuales y líneas de investigación en la didáctica de la lengua y de la literatura / Gustavo Bombini -- Representaciones, supuestos y operaciones de la práctica docente / Cristina Blake -- El problema de las representaciones de la literatura en la formación docente en Letras / Mora Díaz Súnico | |
| 653 | |a Didcactica de la lengua | ||
| 653 | |a Lengua | ||
| 653 | |a Literatura | ||
| 859 | |a CEMS |b BIB. CEMS - 11 de abril |h 372.6 |i B639-2 |p 21443.01 |t Ej.1 | ||
